Geochemistry of iodine : iodine in rocks, minerals and soils; annotated bibliography, 1825-1954, with review and tables. /

Guardado en:
Autor Corporativo: Chilean Iodine Educational Bureau (London, England)
Formato: Libro
Idioma:English
Publicado: London, 1956.
Etiquetas: Agregar Etiqueta
Sin Etiquetas, Sea el primero en etiquetar este registro!
LEADER 00579nam a22001455a 4500
001 EEA.libagro002189
005 20150710110536.0
008 130809s1956####enk###########000#0#eng#d
082 0 4 |a 546.734 
082 0 4 |a 631.41 
110 2 |a Chilean Iodine Educational Bureau (London, England) 
245 1 0 |a Geochemistry of iodine :  |b iodine in rocks, minerals and soils; annotated bibliography, 1825-1954, with review and tables. /  |c Chilean Iodine Educational Bureau. 
260 |a London,  |c 1956. 
300 |a viii, 150 p. :  |b tablas ;  |c 25 cm. 
859 |a AR-BbBCA  |b BIB. AGRONOMIA  |h B546.734  |i C537-2  |p 1958/0731